|
|
|
|
| LEADER |
00000naa2a2200000 4500 |
| 001 |
628492 |
| 005 |
20231101133520.0 |
| 035 |
|
|
|a (RuTPU)RU\TPU\conf\28721
|
| 035 |
|
|
|a RU\TPU\conf\28720
|
| 090 |
|
|
|a 628492
|
| 100 |
|
|
|a 20181127d2018 k y0rusy50 ca
|
| 101 |
0 |
|
|a rus
|
| 102 |
|
|
|a RU
|
| 105 |
|
|
|a y z 101zy
|
| 135 |
|
|
|a drcn ---uucaa
|
| 181 |
|
0 |
|a i
|
| 182 |
|
0 |
|a b
|
| 200 |
1 |
|
|a Имитация солнечного света на основе LED технологий в интерьере с купольным потолком
|f М. О. Васильева
|
| 203 |
|
|
|a Текст
|c электронный
|
| 225 |
1 |
|
|a Фотонные технологии и световая инженерия
|
| 230 |
|
|
|a 1 компьютерный файл (pdf; 725 Kb)
|
| 300 |
|
|
|a Заглавие с титульного экрана
|
| 320 |
|
|
|a [Библиогр.: с. 114 (8 назв.)]
|
| 330 |
|
|
|a До конца XIX века естественные источники света - солнце, свет неба, свет огня являлись обычными способами освещения жилого пространства. Обширный опыт проектных решений конструкций зданий, сооружений, помещений, имеющих купольные потолки демонстрирует использование естественного света как инструмента в дизайн-сценарии освещения внутреннего пространства. В данной статье с помощью методов инженерного проектирования на примере потолочного светильника исследована возможность имитации естественного освещения и предание особого настроения в интерьере современного жилого пространства. Предложена идея конструкции потолочного светильника сочетающий современный стиль и инженерное решение, позволяющее с помощью LED технологий полупроводниковых источников света осуществить имитацию естественного света в помещении.
|
| 463 |
|
1 |
|0 (RuTPU)RU\TPU\conf\28687
|t Высокие технологии в современной науке и технике (ВТСНТ-2018)
|o сборник научных трудов VII Международной научно-технической конференции молодых ученых, аспирантов и студентов, г. Томск, 26–30 ноября 2018 г.
|f Национальный исследовательский Томский политехнический университет (ТПУ) ; под ред. А. Н. Яковлева
|v [С. 113-114]
|d 2018
|
| 610 |
1 |
|
|a труды учёных ТПУ
|
| 610 |
1 |
|
|a электронный ресурс
|
| 610 |
1 |
|
|a имитация
|
| 610 |
1 |
|
|a солнечный свет
|
| 610 |
1 |
|
|a интерьер
|
| 610 |
1 |
|
|a купольные конструкции
|
| 610 |
1 |
|
|a искусственное освещение
|
| 610 |
1 |
|
|a светильники
|
| 700 |
|
1 |
|a Васильева
|b М. О.
|
| 712 |
0 |
2 |
|a Национальный исследовательский Томский политехнический университет (ТПУ)
|c (2009- )
|2 stltpush
|3 (RuTPU)RU\TPU\col\15902
|
| 801 |
|
2 |
|a RU
|b 63413507
|c 20181204
|g RCR
|
| 856 |
4 |
|
|u http://earchive.tpu.ru/handle/11683/51824
|
| 942 |
|
|
|c BK
|